Central Library, Doon University
WEBOPAC (ONLINE PUBLIC ACCESS CATALOGUE)

Functional analysis (Record no. 59975)

MARC details
000 -LEADER
fixed length control field 00447nam a22001817a 4500
005 - DATE & TIME
control field 20260116122116.0
008 - FIXED-LENGTH DATA ELEMENTS--GENERAL INFORMATION
fixed length control field 260116b |||||||| |||| 00| 0 eng d
020 ## - ISBN
International Standard Book Number 9788123929767
Price 450.00
040 ## - CATALOGING SOURCE
Original cataloging agency Doon University
041 ## - Language
Language English
082 ## - DDC NUMBER
Classification number 515.7
Book Number PUN
100 ## - MAIN ENTRY--PERSONAL NAME
Personal name Pundir, Sudhir Kumar
245 ## - TITLE STATEMENT
Title Functional analysis
260 ## - PUBLICATION, DISTRIBUTION, ETC. (IMPRINT)
Place of publication, distribution, etc New Delhi
Name of publisher, distributor, etc CBS Publisher
Date of publication, distribution, etc 2024
300 ## - PHYSICAL DESCRIPTION
Pages 500
650 ## - Subject
Subject Mathematics
942 ## - ADDED ENTRY ELEMENTS (KOHA)
Koha item type Books
100 ## - MAIN ENTRY--PERSONAL NAME
-- 25935
650 ## - Subject
-- 133
952 ## - LOCATION AND ITEM INFORMATION (KOHA)
-- 2026-01-16
952 ## - LOCATION AND ITEM INFORMATION (KOHA)
-- 2026-01-16
952 ## - LOCATION AND ITEM INFORMATION (KOHA)
-- 2026-01-16
Holdings
Withdrawn status Lost status Source of classification or shelving scheme Damaged status Not for loan Location (home branch) Sublocation or collection (holding branch) Date acquired Koha issues (times borrowed) Koha full call number Accession No. Koha date last seen Koha item type
          Doon University Doon University 16.01.2026   515.7 PUN 51181 16.01.2026 Books
          Doon University Doon University 16.01.2026   515.7 PUN 51182 16.01.2026 Books
          Doon University Doon University 16.01.2026   515.7 PUN 51183 16.01.2026 Books
Contact : +91-135-2533126 (Library),+91-135-2533105 (Admin Office) , Email : doonlibrary@gmail.com

Powered by Koha